GHAI ESSENTIAL PEDIATRICS (Record no. 14985)

MARC details
000 -LEADER
fixed length control field 00258nam a22001217a 4500
003 - CONTROL NUMBER IDENTIFIER
control field SGT
082 ## - DEWEY DECIMAL CLASSIFICATION NUMBER
Classification number 618.92
Item number G17P
100 ## - MAIN ENTRY--PERSONAL NAME
Personal name PAUL, VINOD K.
245 ## - TITLE STATEMENT
Title GHAI ESSENTIAL PEDIATRICS
260 ## - PUBLICATION, DISTRIBUTION, ETC. (IMPRINT)
Place of publication, distribution, etc INDIA
Name of publisher, distributor, etc CBS
Year of Publication 2017
300 ## - PAGE DESCRIPTION
No. of Pages 783
942 ## - ADDED ENTRY ELEMENTS (KOHA)
Source of classification or shelving scheme Dewey Decimal Classification
Koha item type Books
942 ## - ADDED ENTRY ELEMENTS (KOHA)
-- 11
Holdings
Withdrawn status Lost status Source of classification or shelving scheme Damaged status Not for loan Collection code Home library Current library Shelving location Date acquired Vendor Name SGTU Total Checkouts Full call number Accession No. (Barcode) Date last seen Date last borrowed Bill Date Koha item type Checked out
weeded-out   Dewey Decimal Classification     MEDICAL SGT Medical Library SGT Medical Library Text Book 31/01/2018 ABC SGTU 1 618.92 G17P FM9846 20/06/2018 18/06/2018 31/01/2018 Books  
    Dewey Decimal Classification     MEDICAL SGT Medical Library SGT Medical Library Text Book 31/01/2018 ABC SGTU 27 618.92 G17P FM9847 27/05/2026 27/05/2026 31/01/2018 Books 10/06/2026
    Dewey Decimal Classification     MEDICAL SGT Medical Library SGT Medical Library Text Book 31/01/2018 ABC SGTU 12 618.92 G17P FM9848 16/05/2026 16/05/2026 31/01/2018 Books 30/05/2026
    Dewey Decimal Classification     MEDICAL SGT Medical Library SGT Medical Library Text Book 31/01/2018 ABC SGTU 17 618.92 G17P FM9849 29/08/2023 15/02/2022 31/01/2018 Books  
    Dewey Decimal Classification     MEDICAL SGT Medical Library SGT Medical Library Text Book 31/01/2018 ABC SGTU 16 618.92 G17P FM9850 10/12/2021 23/11/2021 31/01/2018 Books